书目信息 |
| 题名: |
马克思主义人权理论的当代建构及其在中国的运用
|
|
| 作者: | 苗贵山 , 李清聚 著 | |
| 分册: | ||
| 出版信息: | 北京 中国文史出版社 2014 |
|
| 页数: | 239页 | |
| 开本: | 24cm | |
| 丛书名: | 高校社科研究文库 | |
| 单 册: | ||
| 中图分类: | A811.64 | |
| 科图分类: | ||
| 主题词: | 马克思主义--人权--理论研究--中国 | |
| 电子资源: | ||
| ISBN: | 978-7-5034-4705-1 | |
| 000 | 01460nam0 2200289 450 | |
| 001 | 338113 | |
| 005 | 20150601161808.95 | |
| 010 | @a978-7-5034-4705-1@dCNY46.00 | |
| 100 | @a20140609d2014 em y0chiy50 ea | |
| 101 | 0 | @achi |
| 102 | @aCN@b110000 | |
| 105 | @ay z 000yy | |
| 106 | @ar | |
| 200 | 1 | @a马克思主义人权理论的当代建构及其在中国的运用@Ama ke si zhu yi ren quan li lun de dang dai jian gou ji qi zai zhong guo de yun yong@d= Contemporary construction of Marxism human rights theory and it is used in China@f苗贵山, 李清聚著@zeng |
| 210 | @a北京@c中国文史出版社@d2014 | |
| 215 | @a239页@d24cm | |
| 225 | 1 | @a高校社科研究文库 |
| 300 | @a教育部人文社会科学研究规划基金项目“马克思主义人权理论的当代建构及其在中国的运用”最终成果 “河南科技大学学术著作出版基金”资助出版 本书最终成果依托河南科技大学“中国特色社会主义人权教育研究中心” | |
| 330 | @a本书共7章, 内容包括: 马克思恩格斯对人权的赞颂、马克思恩格斯对人权的?魅、马克思恩格斯对人权的扬弃、马克思主义人权理论当代建构的方法论及体系构成、社会主义市场经济与人权、社会主义民主政治与人权、社会主义社会建设与人权等。 | |
| 410 | 0 | @12001 @a高校社科研究文库 |
| 510 | 1 | @aContemporary construction of Marxism human rights theory and it is used in China@zeng |
| 606 | 0 | @a马克思主义@x人权@x理论研究@y中国 |
| 690 | @aA811.64@v5 | |
| 701 | 0 | @a苗贵山@Amiao gui shan@f(1970)@4著 |
| 701 | 0 | @a李清聚@Ali qing ju@f(1978)@4著 |
| 801 | 0 | @aCN@b卓展宏图@c20150525 |
| 905 | @dA811.64@e245@f4 | |
| 马克思主义人权理论的当代建构及其在中国的运用= Contemporary construction of Marxism human rights theory and it is used in China/苗贵山, 李清聚著.-北京:中国文史出版社,2014 |
| 239页;24cm.-(高校社科研究文库) |
| 教育部人文社会科学研究规划基金项目“马克思主义人权理论的当代建构及其在中国的运用”最终成果 “河南科技大学学术著作出版基金”资助出版 本书最终成果依托河南科技大学“中国特色社会主义人权教育研究中心” |
| ISBN 978-7-5034-4705-1:CNY46.00 |
| 本书共7章, 内容包括: 马克思恩格斯对人权的赞颂、马克思恩格斯对人权的?魅、马克思恩格斯对人权的扬弃、马克思主义人权理论当代建构的方法论及体系构成、社会主义市场经济与人权、社会主义民主政治与人权、社会主义社会建设与人权等。 |
| ● |
| 相关链接 |
|
|
|
|
正题名:马克思主义人权理论的当代建构及其在中国的运用
索取号:A811.64/245
 
预约/预借
| 序号 | 登录号 | 条形码 | 馆藏地/架位号 | 状态 | 备注 |
| 1 | 857407 | 208574078 | 第一样本阅览室/ [索取号:A811.64/245] | 在馆 | |
| 2 | 857408 | 208574087 | 第一借阅区/ [索取号:A811.64/245] | 在馆 | |
| 3 | 857409 | 208574096 | 第一借阅区/ [索取号:A811.64/245] | 在馆 | |
| 4 | 857410 | 208574103 | 第一借阅区/ [索取号:A811.64/245] | 在馆 |